[Event "Titled Tue 26th Aug Early"]
[Site "chess.com INT"]
[Date "2025.08.26"]
[Round "1"]
[White "Rustemov, Alexander"]
[Black "Fiskaaen, Martin Holten"]
[Result "1-0"]
[WhiteTitle "GM"]
[BlackTitle "FM"]
[WhiteElo "2525"]
[BlackElo "2341"]
[WhiteFideId "4119002"]
[BlackFideId "1550233"]
[EventDate "2025.08.26"]

1. d4 Nf6 2. c4 e6 3. Nf3 d5 4. cxd5 exd5 5. Nc3 c6 6. Bf4 Bd6 7. Bxd6 Qxd6 8.
Qc2 O-O 9. e3 Re8 10. Bd3 Nbd7 11. O-O Qe7 12. Rab1 a5 13. a3 Ne4 14. Bxe4 dxe4
15. Nd2 Nf6 16. h3 h5 17. b4 axb4 18. axb4 h4 19. b5 Bf5 20. bxc6 bxc6 21. Ne2
Rec8 22. Rfc1 Nd5 23. Nf1 Qg5 24. Kh2 Ra3 25. Rb2 Ra6 26. Qc5 Rca8 27. Qd6 Rd8
28. Qc5 Qf6 29. Nc3 Ne7 30. Rb7 Re8 31. Nd2 Ng6 32. Rf1 Rea8 33. Ndxe4 Qe6 34.
Ng5 Qc8 35. Rxf7 Ra5 36. Qd6 Bd3 37. Rc7 Qe8 38. Ne6 Ne7 39. Rxe7 1-0

[Event "Titled Tue 26th Aug Early"]
[Site "chess.com INT"]
[Date "2025.08.26"]
[Round "1"]
[White "Hejazipour, Mitra"]
[Black "Samunenkov, Ihor"]
[Result "0-1"]
[WhiteTitle "WGM"]
[BlackTitle "GM"]
[WhiteElo "2329"]
[BlackElo "2548"]
[WhiteFideId "12505951"]
[BlackFideId "14187086"]
[EventDate "2025.08.26"]

1. Nf3 d5 2. g3 Nf6 3. Bg2 e6 4. d4 Be7 5. c4 O-O 6. O-O dxc4 7. Qc2 b5 8. a4 b4
9. Rd1 Bb7 10. Qxc4 c5 11. Bg5 Na6 12. Nbd2 cxd4 13. Qxd4 h6 14. Qxd8 Rfxd8 15.
Bf4 Nd5 16. Ne5 Nc5 17. Ndc4 Rac8 18. a5 g5 19. Bd2 Nb3 20. Rab1 f6 21. e4 fxe5
22. Nxe5 Nf6 23. Be3 Bc5 24. Bxc5 Nxc5 25. f3 Ncd7 26. Nd3 b3 27. Bh3 Kf7 28.
Kf2 Ba6 29. Nb4 Bb5 30. Ke3 Ne5 31. f4 Nc4+ 32. Ke2 Nxb2+ 33. Kf2 Nxd1+ 0-1

[Event "Titled Tue 26th Aug Early"]
[Site "chess.com INT"]
[Date "2025.08.26"]
[Round "1"]
[White "Sie, Thu"]
[Black "Donoso Aguirre, Maximiliano"]
[Result "0-1"]
[WhiteTitle "FM"]
[BlackTitle "CM"]
[WhiteElo "2122"]
[BlackElo "1978"]
[WhiteFideId "13002767"]
[BlackFideId "3458920"]
[EventDate "2025.08.26"]

1. Nf3 d5 2. g3 Nf6 3. Bg2 e6 4. O-O Be7 5. d3 O-O 6. Nbd2 c5 7. e4 Nc6 8. Re1
Qc7 9. e5 Nd7 10. Qe2 b5 11. h4 a5 12. Nf1 Ba6 13. Bf4 Rfc8 14. Ne3 Qd8 15. Ng4
Bf8 16. Bh3 c4 17. d4 c3 18. b3 a4 19. Qe3 b4 20. Bg5 Be7 21. Qf4 Nf8 22. h5
Bxg5 23. Nxg5 Rc7 24. h6 Ng6 25. Qe3 Nxd4 26. Qxd4 Qxg5 27. hxg7 Qe7 28. Nf6+
Kxg7 29. Kg2 Qc5 30. Qg4 d4 0-1

[Event "Titled Tue 26th Aug Early"]
[Site "chess.com INT"]
[Date "2025.08.26"]
[Round "1"]
[White "Babiarz, Arkadiusz"]
[Black "Mamedov, Edgar"]
[Result "0-1"]
[WhiteTitle "CM"]
[BlackTitle "GM"]
[WhiteElo "2172"]
[BlackElo "2490"]
[WhiteFideId "21804362"]
[BlackFideId "13739980"]
[EventDate "2025.08.26"]

1. d4 Nf6 2. c4 e6 3. Nf3 d5 4. Nc3 c6 5. e3 Nbd7 6. Be2 Bd6 7. O-O O-O 8. b3 b6
9. Bb2 Bb7 10. Qc2 c5 11. dxc5 Nxc5 12. cxd5 Nxd5 13. Nxd5 Bxd5 14. Rfd1 Rc8 15.
Qc3 f6 16. Qd4 Qc7 17. Qh4 Rfd8 18. Rac1 Qb7 19. Qg4 Ne4 20. Nd4 Rxc1 21. Rxc1
Qf7 22. Bf3 f5 23. Qh5 Qxh5 24. Bxh5 Bc5 25. Bf3 g6 26. Nb5 Rd7 27. h4 Kf7 28.
h5 g5 29. Nd4 g4 30. Be2 g3 31. f3 Nf6 32. f4 Be4 33. Bf3 Nd5 34. Bxe4 fxe4 35.
Re1 Nxe3 36. Rxe3 Rxd4 37. Rxg3 Rd2+ 0-1

[Event "Titled Tue 26th Aug Early"]
[Site "chess.com INT"]
[Date "2025.08.26"]
[Round "1"]
[White "Mostbauer, Maximilian"]
[Black "Tallada Serret, Gerard"]
[Result "1-0"]
[WhiteTitle "CM"]
[BlackTitle "CM"]
[WhiteElo "2202"]
[BlackElo "2091"]
[WhiteFideId "1626680"]
[BlackFideId "54764190"]
[EventDate "2025.08.26"]

1. d4 g6 2. Nf3 Bg7 3. g3 e6 4. Bg2 Ne7 5. O-O O-O 6. b3 d5 7. Bb2 b6 8. Nbd2
Bb7 9. c4 Nd7 10. e3 c5 11. Rc1 cxd4 12. Nxd4 Rc8 13. Qe2 Nc5 14. Rfd1 dxc4 15.
Bxb7 Nxb7 16. Nxc4 Qe8 17. Qf3 Nc6 18. Nxc6 Qxc6 19. Qxc6 Rxc6 20. Bxg7 Kxg7 21.
Ne5 Rxc1 22. Rxc1 Nc5 23. b4 Kf6 24. Rxc5 bxc5 25. Nd7+ Ke7 26. Nxf8 Kxf8 27.
bxc5 Ke7 28. Kg2 Kd7 29. Kf3 Kc6 30. Ke4 Kxc5 31. Ke5 Kb4 32. Kf6 Ka3 33. Kxf7
e5 34. f4 e4 35. Kg7 Kxa2 36. Kxh7 a5 37. Kxg6 a4 38. f5 a3 39. f6 Kb1 40. f7 a2
41. f8=Q a1=Q 42. Qb4+ Kc1 43. Qxe4 Qa6+ 44. Kg5 Qe2 45. h4 Qb5+ 46. Qf5 Qb6 47.
e4 Qe3+ 48. Qf4 1-0

[Event "Titled Tue 26th Aug Early"]
[Site "chess.com INT"]
[Date "2025.08.26"]
[Round "1"]
[White "Bardyk, Artem"]
[Black "Tureshbayev, Anuar"]
[Result "1-0"]
[WhiteTitle "FM"]
[BlackTitle "CM"]
[WhiteElo "2332"]
[BlackElo "2214"]
[WhiteFideId "34349979"]
[BlackFideId "651081709"]
[EventDate "2025.08.26"]

1. e4 c5 2. d4 cxd4 3. Qxd4 Nc6 4. Qd3 e6 5. Nc3 Nf6 6. Bf4 a6 7. O-O-O Qa5 8.
Kb1 Be7 9. Nge2 Nb4 10. Qd4 d5 11. a3 Nc6 12. Qd3 dxe4 13. Nxe4 O-O 14. N2c3 Rd8
15. Qf3 Nxe4 16. Rxd8+ Qxd8 17. Qxe4 Qb6 18. Be3 Qc7 19. Bd3 g6 20. h4 h5 21. g4
hxg4 22. h5 f5 23. Qa4 g5 24. h6 Bd7 25. h7+ Kg7 26. Nb5 Qd8 27. h8=Q+ Qxh8 28.
Rxh8 Rxh8 29. Bd4+ e5 30. Bc3 Rh1+ 31. Ka2 axb5 32. Bxb5 Be6+ 33. b3 Bd5 34.
Bxc6 bxc6 35. Bxe5+ Kg6 36. Qa8 Re1 37. Qe8+ 1-0

[Event "Titled Tue 26th Aug Early"]
[Site "chess.com INT"]
[Date "2025.08.26"]
[Round "1"]
[White "Cuellar Montes, Alejandro"]
[Black "Sarana, Alexey"]
[Result "0-1"]
[WhiteTitle "CM"]
[BlackTitle "GM"]
[WhiteElo "2155"]
[BlackElo "2691"]
[WhiteFideId "32096836"]
[BlackFideId "24133795"]
[EventDate "2025.08.26"]

1. d4 Nf6 2. c4 e6 3. Nc3 Bb4 4. e3 O-O 5. Bd3 d5 6. Ne2 dxc4 7. Bxc4 a6 8. a3
Be7 9. O-O b5 10. Ba2 Bb7 11. b4 Nbd7 12. Qc2 e5 13. d5 c6 14. Rd1 cxd5 15. Nxd5
Nxd5 16. Bxd5 Rc8 17. Qb3 Bxd5 18. Rxd5 Qc7 19. Bb2 Bf6 20. Rc1 Qb7 21. Rdd1 Nb6
22. Rxc8 Rxc8 23. Qd3 Nc4 24. Ba1 g6 25. Ng3 Rd8 26. Qe2 Rxd1+ 27. Qxd1 Nxa3 28.
Qd6 Kg7 29. Bxe5 Bxe5 30. Qxe5+ f6 31. Qd6 Nc4 32. Qc5 a5 33. bxa5 Nxa5 34. h4
h5 35. f3 Nc6 36. Ne4 Ne5 37. Nxf6 Kxf6 38. Qd6+ Kf7 39. Qxe5 b4 40. Qf4+ Kg7
41. Qd4+ Kh7 42. Qb2 b3 43. Kh1 Qb4 44. Qf6 b2 45. Qf7+ Kh6 0-1

[Event "Titled Tue 26th Aug Early"]
[Site "chess.com INT"]
[Date "2025.08.26"]
[Round "1"]
[White "Janukshan, B"]
[Black "Beznosov, Timofey"]
[Result "0-1"]
[WhiteTitle "CM"]
[BlackTitle "CM"]
[WhiteElo "1944"]
[BlackElo "2131"]
[WhiteFideId "29945399"]
[BlackFideId "34497951"]
[EventDate "2025.08.26"]

1. Nf3 Nf6 2. b3 d6 3. Bb2 e5 4. d3 g6 5. g3 Bg7 6. Bg2 O-O 7. O-O Nc6 8. Nbd2
Re8 9. a3 a5 10. h3 e4 11. dxe4 Nxe4 12. Bxg7 Kxg7 13. Nxe4 Rxe4 14. Qd3 Qe7 15.
Rfe1 h5 16. Nd2 Re6 17. Bd5 Rf6 18. Ne4 Bf5 19. f3 Qe5 20. Kg2 h4 21. f4 Qe7 22.
Qf3 Nd4 23. Qd3 Nxc2 24. Qxc2 Re8 25. Kf3 c6 26. Bxc6 bxc6 27. Qc3 Qxe4+ 28. Kf2
hxg3+ 29. Kxg3 Bxh3 30. Kxh3 Qxf4 31. Rf1 Rh8+ 32. Kg2 Qh2# 0-1

[Event "Titled Tue 26th Aug Early"]
[Site "chess.com INT"]
[Date "2025.08.26"]
[Round "1"]
[White "Gubajdullin, Alexei"]
[Black "Chen, Yidong"]
[Result "1-0"]
[WhiteTitle "FM"]
[WhiteElo "2228"]
[BlackElo "2068"]
[WhiteFideId "4141202"]
[BlackFideId "8607028"]
[EventDate "2025.08.26"]

1. Nf3 Nf6 2. g3 c5 3. Bg2 g6 4. O-O Bg7 5. d3 O-O 6. e4 d5 7. Nbd2 Nc6 8. c3 e5
9. exd5 Nxd5 10. Nc4 Re8 11. Re1 h6 12. Nfd2 b6 13. a4 Be6 14. Ne4 f5 15. Ned2
Qd7 16. Nf3 Bf7 17. a5 b5 18. Ne3 Rad8 19. a6 Nb6 20. Nd2 Re6 21. Nb3 Bf8 22. h4
Qxd3 23. Qxd3 Rxd3 24. h5 c4 25. Na5 Nxa5 26. Rxa5 f4 27. hxg6 Bxg6 28. Ng4 h5
29. Nxe5 Rxe5 30. Rxe5 Rd1+ 31. Kh2 fxg3+ 32. fxg3 Rxc1 33. Raxb5 Rd1 34. Re6
Bf7 35. Rexb6 axb6 36. a7 Ra1 37. a8=Q Rxa8 38. Bxa8 Bc5 39. Bf3 Kg7 40. Bd1 Be8
41. Rxc5 bxc5 42. Kh3 Kh6 43. Kh4 Bf7 44. Be2 Bg6 45. Bxc4 1-0

[Event "Titled Tue 26th Aug Early"]
[Site "chess.com INT"]
[Date "2025.08.26"]
[Round "1"]
[White "Sevig, Mert Can"]
[Black "Herbrig, Alexander"]
[Result "1-0"]
[WhiteTitle "CM"]
[BlackTitle "FM"]
[WhiteElo "2143"]
[BlackElo "2292"]
[WhiteFideId "44546335"]
[BlackFideId "12952044"]
[EventDate "2025.08.26"]

1. Nf3 d5 2. g3 Nf6 3. Bg2 c6 4. O-O Bg4 5. h3 Bh5 6. d3 Nbd7 7. Nbd2 e5 8. e4
Bd6 9. c3 O-O 10. Qc2 Bc7 11. Re1 Re8 12. a4 Nc5 13. b4 dxe4 14. dxe4 Qd3 15.
Qxd3 Nxd3 16. Re3 Rad8 17. Nc4 b5 18. axb5 cxb5 19. Nb2 Nxc1 20. Rxc1 Bxf3 21.
Bxf3 Rd2 22. Nd3 Bb6 23. Nc5 a5 24. Re2 Rxe2 25. Bxe2 Bxc5 26. bxc5 Nxe4 27. c6
Rb8 28. Bg4 f5 29. Bxf5 Nd6 30. c7 Re8 31. Rd1 Nxf5 32. Rd8 Nd6 33. Rxe8+ Nxe8
34. c8=Q Kf7 35. Qd7+ Kf8 36. Qxb5 Nf6 37. Qxa5 e4 38. c4 Kf7 39. c5 Ke6 40. c6
Kd6 41. c7 Kd7 42. Qc5 Kc8 43. Qf8+ Kxc7 44. Qxg7+ Nd7 45. Qxh7 Kd6 46. Qxe4 Ne5
47. h4 Ke6 48. h5 Kf6 49. g4 Nf7 50. f4 Kg7 51. Qg6+ Kh8 52. h6 Ne5 53. Qg7# 1-0

[Event "Titled Tue 26th Aug Early"]
[Site "chess.com INT"]
[Date "2025.08.26"]
[Round "1"]
[White "Galstyan, David"]
[Black "Arca, Christian Gian Karlo"]
[Result "0-1"]
[WhiteTitle "FM"]
[BlackTitle "FM"]
[WhiteElo "2284"]
[BlackElo "2407"]
[WhiteFideId "54516196"]
[BlackFideId "5258138"]
[EventDate "2025.08.26"]

1. Nf3 d5 2. e3 Nf6 3. b3 a6 4. Bb2 c5 5. c4 dxc4 6. bxc4 Nc6 7. Nc3 Bg4 8. Be2
e6 9. O-O Be7 10. h3 Bh5 11. Nh4 Bxe2 12. Qxe2 O-O 13. f4 Nb4 14. Nf3 Qd3 15. a3
Qxe2 16. Nxe2 Nd3 17. Bc3 b5 18. Ne5 Nxe5 19. Bxe5 Rfd8 20. d4 bxc4 21. Rfc1
cxd4 22. Nxd4 Rac8 23. a4 Nd5 24. e4 Nb4 25. Nf3 Nd3 26. Rc2 f6 27. Bd4 Nxf4 28.
Rac1 e5 29. Be3 Nd3 30. Rd1 Nb4 31. Rxd8+ Bxd8 32. Rc3 Na2 33. Rc2 Nb4 34. Rc1
c3 0-1

[Event "Titled Tue 26th Aug Early"]
[Site "chess.com INT"]
[Date "2025.08.26"]
[Round "1"]
[White "Cai, Chaoruo"]
[Black "Kuzhylnyi, Oleksandr"]
[Result "1-0"]
[WhiteTitle "CM"]
[BlackTitle "CM"]
[WhiteElo "2274"]
[BlackElo "2293"]
[WhiteFideId "8618402"]
[BlackFideId "34110500"]
[EventDate "2025.08.26"]

1. d4 Nf6 2. Nf3 g6 3. c4 Bg7 4. Nc3 d5 5. cxd5 Nxd5 6. Bd2 O-O 7. e4 Nb6 8. Be3
Bg4 9. Be2 Nc6 10. d5 Na5 11. O-O Bxf3 12. Bxf3 Nac4 13. Bxb6 axb6 14. Qc2 Qd7
15. Be2 Nd6 16. Bd3 Ra5 17. Rae1 Bxc3 18. bxc3 Rfa8 19. Ra1 f6 20. f4 Qa4 21.
Qe2 Qa3 22. e5 Nf7 23. e6 Nd6 24. Qg4 f5 25. Qg5 Qxc3 26. Be2 Qe3+ 27. Kh1 Qxe2
28. Qxe7 Qb2 29. Qxc7 Ne8 30. Qf7+ Kh8 31. Qf8# 1-0

[Event "Titled Tue 26th Aug Early"]
[Site "chess.com INT"]
[Date "2025.08.26"]
[Round "1"]
[White "Csonka, Balazs"]
[Black "Brozynski, Patryk"]
[Result "1-0"]
[WhiteTitle "IM"]
[BlackTitle "CM"]
[WhiteElo "2467"]
[BlackElo "2121"]
[WhiteFideId "742910"]
[BlackFideId "2512700"]
[EventDate "2025.08.26"]

1. d4 Nf6 2. c4 e6 3. Nc3 d5 4. cxd5 exd5 5. Nf3 c6 6. h3 Be7 7. Bf4 O-O 8. e3
a5 9. Bd3 Na6 10. O-O h6 11. Rc1 Ne8 12. Ne5 Nd6 13. g4 Nc7 14. Bh2 Qe8 15. Ne2
f5 16. Nf4 Ne4 17. f3 Ng5 18. h4 Nge6 19. h5 Nxf4 20. Bxf4 Ne6 21. Bh2 fxg4 22.
Bg6 Qd8 23. fxg4 Rxf1+ 24. Qxf1 Bf6 25. Qd3 Ng5 26. Qe2 Qe7 27. Rf1 Bd7 28. Bc2
Bxe5 29. Bxe5 Rf8 30. Rf4 Nh3+ 31. Kg2 Nxf4+ 32. exf4 Qh4 33. f5 Qg5 34. Kh3
Bxf5 35. Bxf5 Rxf5 36. gxf5 Qxf5+ 37. Qg4 Qd3+ 38. Kh4 g5+ 39. hxg6 Qc2 40. Qe6+ 1-0

[Event "Titled Tue 26th Aug Early"]
[Site "chess.com INT"]
[Date "2025.08.26"]
[Round "1"]
[White "Duarte Cramer, Lily Jeanette"]
[Black "Wen, Gehua"]
[Result "0-1"]
[WhiteTitle "WCM"]
[BlackTitle "CM"]
[WhiteElo "1904"]
[BlackElo "2196"]
[WhiteFideId "29620180"]
[BlackFideId "8603430"]
[EventDate "2025.08.26"]

1. d4 Nf6 2. c4 e6 3. Nc3 Bb4 4. Qc2 O-O 5. a3 Bxc3+ 6. Qxc3 b6 7. Bg5 Bb7 8. e3
d6 9. Nf3 Nbd7 10. Be2 c5 11. O-O Rc8 12. Rac1 cxd4 13. Nxd4 d5 14. Qb3 Nc5 15.
Qc2 Nce4 16. Bf4 dxc4 17. Bxc4 Bd5 18. Qe2 Bxc4 19. Rxc4 Rxc4 20. Qxc4 Nd2 21.
Qb4 Nxf1 22. Kxf1 Nd5 23. Qd6 Nxf4 24. Qxf4 Qd5 25. Qf3 Qc4+ 26. Qe2 Qc1+ 27.
Qe1 Qxb2 28. a4 Rc8 29. Ne2 Rc2 30. f3 Rxe2 31. Qxe2 Qxe2+ 32. Kxe2 Kf8 33. Kd3
Ke7 34. Kc4 Kd6 35. Kb5 Kc7 36. Ka6 Kb8 37. g3 e5 38. e4 f6 39. f4 g5 40. fxe5
fxe5 41. g4 Ka8 42. h3 Kb8 43. a5 bxa5 44. Kxa5 Kb7 45. Kb5 a6+ 46. Kc5 Kc7 47.
Kd5 a5 48. Kxe5 a4 49. Kf5 a3 50. e5 a2 51. e6 Kd6 52. Kf6 a1=Q+ 53. Kf7 Qe5 54.
Kg8 Kxe6 55. Kxh7 Kf7 56. Kh6 Qg7+ 57. Kh5 Qg6# 0-1

[Event "Titled Tue 26th Aug Early"]
[Site "chess.com INT"]
[Date "2025.08.26"]
[Round "1"]
[White "Javakhadze, Zurab"]
[Black "Swayham, P Das"]
[Result "1-0"]
[WhiteTitle "IM"]
[BlackTitle "CM"]
[WhiteElo "2417"]
[BlackElo "2047"]
[WhiteFideId "13603647"]
[BlackFideId "25611402"]
[EventDate "2025.08.26"]

1. d4 d5 2. c4 c6 3. Nc3 Nf6 4. e3 e6 5. Nf3 Nbd7 6. Be2 dxc4 7. a4 Bb4 8. Bxc4
Qa5 9. Bd2 Nd5 10. Rc1 Nxc3 11. bxc3 Ba3 12. Rb1 b6 13. O-O Ba6 14. Qe2 Bxc4 15.
Qxc4 Rc8 16. Qb3 Be7 17. c4 Qh5 18. a5 O-O 19. axb6 axb6 20. e4 e5 21. d5 Nc5
22. Qe3 Na4 23. Bb4 Nc5 24. Ba3 Rfe8 25. Rxb6 cxd5 26. cxd5 Bf8 27. h3 Nd7 28.
Rc6 Rxc6 29. dxc6 Nf6 30. Bxf8 Rxf8 31. Rc1 Rc8 32. c7 Qg6 33. Qd3 Ne8 34. Qd7
Qe6 35. Rd1 h6 36. Qxe6 fxe6 37. Rd8 1-0

[Event "Titled Tue 26th Aug Early"]
[Site "chess.com INT"]
[Date "2025.08.26"]
[Round "1"]
[White "Oleksiyenko, Mykhaylo"]
[Black "Cave, Iwan"]
[Result "1-0"]
[WhiteTitle "GM"]
[WhiteElo "2569"]
[BlackElo "2136"]
[WhiteFideId "4152417"]
[BlackFideId "495948"]
[EventDate "2025.08.26"]

1. e4 e5 2. Nf3 Nf6 3. Nc3 Nc6 4. d4 exd4 5. Nxd4 Nxe4 6. Nxc6 Nxc3 7. Nxd8 Nxd1
8. Nxf7 Kxf7 9. Bc4+ Kg6 10. Kxd1 Bc5 11. h4 d5 12. h5+ Kf6 13. Bd3 Bf5 14. Bxf5
Kxf5 15. f3 h6 16. g4+ Kf6 17. Bf4 c6 18. Kd2 Rhe8 19. Rae1 Re7 20. Rxe7 Bxe7
21. Re1 Re8 22. Kd3 Rd8 23. Be5+ Kf7 24. Bxg7 Bg5 25. Be5 Rf8 26. f4 Bd8 27. Ke3
Ke6 28. Kf3 Kf7 29. f5 Bg5 30. Bf4 Bxf4 31. Kxf4 Rh8 32. Re6 Rh7 33. Ke5 Rh8 34.
f6 Rg8 35. Re7+ Kf8 36. Rxb7 Rxg4 37. Rxa7 Re4+ 38. Kd6 Re2 39. c3 Rxb2 40. Kxc6
Rd2 41. a4 d4 42. cxd4 Rxd4 43. a5 Rf4 44. f7 Rf6+ 45. Kd5 Rf5+ 46. Ke6 Rf3 47.
Ra8+ Kg7 48. Rg8+ Kh7 49. f8=Q Re3+ 50. Kd7 Rd3+ 51. Qd6 Rxd6+ 52. Kxd6 Kxg8 53.
Ke7 Kg7 54. a6 1-0

[Event "Titled Tue 26th Aug Early"]
[Site "chess.com INT"]
[Date "2025.08.26"]
[Round "1"]
[White "Feuerstack, Aljoscha"]
[Black "Subervi, Jonathan Sigfredo"]
[Result "1-0"]
[WhiteTitle "IM"]
[BlackTitle "FM"]
[WhiteElo "2449"]
[BlackElo "2007"]
[WhiteFideId "4681932"]
[BlackFideId "6400345"]
[EventDate "2025.08.26"]

1. e4 e6 2. d3 c5 3. Nf3 Nc6 4. g3 Nf6 5. Bg2 d5 6. Nbd2 Be7 7. O-O b6 8. Re1
Bb7 9. e5 Nd7 10. Nf1 Qc7 11. Bf4 h6 12. h4 O-O-O 13. Ne3 Nd4 14. Nxd4 cxd4 15.
Ng4 g5 16. hxg5 hxg5 17. Bd2 Kb8 18. Rc1 Nc5 19. Qf3 Rdf8 20. Nf6 Bxf6 21. exf6
Rfg8 22. c3 dxc3 23. Bxc3 Ka8 24. Be5 Qd8 25. d4 Ne4 26. Rc7 g4 27. Qf4 Ng5 28.
Qxg4 Nh3+ 29. Bxh3 Rxg4 30. Bxg4 Qg8 31. Bf3 Qh7 32. Rec1 Ba6 33. g4 Qh3 34. Bg3
Qh6 35. R1c3 Qd2 36. Rc1 Qxd4 37. Rxf7 Qxb2 38. Rd1 Bc4 39. Rc7 Qxa2 40. f7 Rf8
41. Bd6 1-0

[Event "Titled Tue 26th Aug Early"]
[Site "chess.com INT"]
[Date "2025.08.26"]
[Round "1"]
[White "Nasuta, Grzegorz"]
[Black "Zakarian, David"]
[Result "0-1"]
[WhiteTitle "GM"]
[BlackTitle "FM"]
[WhiteElo "2513"]
[BlackElo "2301"]
[WhiteFideId "1141686"]
[BlackFideId "13301276"]
[EventDate "2025.08.26"]

1. e4 a6 2. d4 e6 3. Nf3 b5 4. Bd3 Bb7 5. c3 d6 6. a4 Nd7 7. O-O bxa4 8. Qxa4
Nf6 9. Re1 Be7 10. Nbd2 O-O 11. h3 e5 12. Nb3 Nb6 13. Qa2 a5 14. Nxa5 c5 15. Qb1
Qc7 16. Nxb7 Rxa1 17. Qxa1 Qxb7 18. dxe5 dxe5 19. Nxe5 Rd8 20. Qb1 Rb8 21. Nf3
Na4 22. e5 Nd5 23. Bxh7+ Kf8 24. Qe4 Ndb6 25. Qf4 c4 26. e6 f6 27. Qg4 Qc6 28.
Bh6 Ke8 29. Rd1 Nd5 30. Qh5+ Kd8 31. Rxd5+ Kc8 32. Bf4 Rxb2 33. Be4 Qb6 34. Qh8+
Bd8 35. e7 Qxf2+ 0-1

[Event "Titled Tue 26th Aug Early"]
[Site "chess.com INT"]
[Date "2025.08.26"]
[Round "1"]
[White "Kavyev, Ruslan"]
[Black "Tran Le Vy"]
[Result "1/2-1/2"]
[WhiteTitle "FM"]
[BlackTitle "WFM"]
[WhiteElo "2179"]
[BlackElo "1973"]
[WhiteFideId "34110981"]
[BlackFideId "12423599"]
[EventDate "2025.08.26"]

1. Nf3 d5 2. e3 Nf6 3. c4 dxc4 4. Bxc4 e6 5. O-O a6 6. Qe2 b5 7. Bb3 Bb7 8. Rd1
c5 9. d3 Be7 10. a4 O-O 11. Na3 Qb6 12. Bd2 Nbd7 13. Be1 Rfb8 14. e4 Bc6 15. Ba2
c4 16. dxc4 b4 17. c5 Bxc5 18. Nc4 Qa7 19. Bb3 Nxe4 20. Rac1 Ndf6 21. Nce5 Be8
22. Bc2 Nd6 23. Ng5 h6 24. Ngf3 b3 25. Bb1 Bxa4 26. Rxd6 Bxd6 27. Nxf7 Qxf7 28.
Bc3 Bb5 29. Qe3 Rc8 30. Rd1 Bc5 31. Qe1 Ng4 32. Qe4 Qf5 33. Qb7 Bxf2+ 34. Kh1
Qf7 35. Qe4 Nf6 36. Bxf6 Qxf6 37. Ne5 Qf5 38. Qb7 Qf6 39. Qe4 Qf5 40. Qb7 Qf6
41. Qe4 1/2-1/2

[Event "Titled Tue 26th Aug Early"]
[Site "chess.com INT"]
[Date "2025.08.26"]
[Round "1"]
[White "Grischuk, Alexander"]
[Black "Zeliantsova, Kseniya"]
[Result "1-0"]
[WhiteTitle "GM"]
[BlackTitle "WFM"]
[WhiteElo "2667"]
[BlackElo "2062"]
[WhiteFideId "4126025"]
[BlackFideId "13512617"]
[EventDate "2025.08.26"]

1. e4 d6 2. d4 Nf6 3. Bd3 g6 4. Nf3 Bg7 5. O-O O-O 6. Re1 Nc6 7. d5 Ne5 8. Nxe5
dxe5 9. c4 e6 10. Nc3 exd5 11. exd5 Re8 12. Bg5 h6 13. Bh4 g5 14. Bg3 e4 15. Bc2
Bd7 16. h3 c6 17. Bxe4 Nxe4 18. Nxe4 f5 19. Nc5 Rxe1+ 20. Qxe1 f4 21. Bh2 cxd5
22. cxd5 b6 23. Ne6 Qe7 24. Nxg7 Qxg7 25. Qd2 Re8 26. a4 Re5 27. f3 Qe7 28. Kh1
Re2 29. Qd3 Rxb2 30. Rc1 Qe2 31. Qg6+ Kf8 32. Qxh6+ Kf7 33. Qxg5 Rd2 34. Bxf4
Rd1+ 35. Rxd1 Qxd1+ 36. Kh2 Qxa4 37. h4 Qd4 38. Be5 Qxd5 39. h5 Bc6 40. h6 Bb5
41. h7 Bd3 42. h8=Q 1-0

[Event "Titled Tue 26th Aug Early"]
[Site "chess.com INT"]
[Date "2025.08.26"]
[Round "1"]
[White "Brilej, Jaka"]
[Black "Lortkipanidze, Nodar"]
[Result "1-0"]
[WhiteTitle "FM"]
[BlackTitle "IM"]
[WhiteElo "2334"]
[BlackElo "2359"]
[WhiteFideId "14618818"]
[BlackFideId "13604058"]
[EventDate "2025.08.26"]

1. c4 e6 2. g3 d5 3. Bg2 dxc4 4. Qa4+ Nd7 5. Qxc4 Rb8 6. a4 a6 7. Nc3 Ngf6 8.
Nf3 b6 9. O-O Bb7 10. d3 Bd6 11. e4 O-O 12. h3 Qe7 13. Be3 c5 14. Rfe1 Rfd8 15.
Rad1 Rbc8 16. Qb3 e5 17. Nh4 g6 18. Qc2 Nf8 19. Nd5 Nxd5 20. exd5 f6 21. Qb3 Qc7
22. f4 Kg7 23. f5 b5 24. axb5 axb5 25. Qxb5 Rb8 26. Qc4 Bc8 27. Be4 Rxb2 28. Rc1
Nd7 29. fxg6 hxg6 30. Bxg6 Rb4 31. Qxb4 cxb4 32. Rxc7 Bxc7 33. Be4 Bb6 34. Nf5+
Kh8 35. Rb1 Nc5 36. Rxb4 Nxe4 37. Bxb6 Rxd5 38. dxe4 Rd1+ 39. Kf2 Bb7 40. Be3
Rd7 41. g4 Kh7 42. Kf3 Kg6 43. Ng3 Bc6 44. Rb6 Rc7 45. h4 Kf7 46. g5 fxg5 47.
hxg5 Ba8 48. g6+ Kg7 49. Nf5+ Kg8 50. Rb8+ Rc8 51. Rxc8# 1-0

[Event "Titled Tue 26th Aug Early"]
[Site "chess.com INT"]
[Date "2025.08.26"]
[Round "1"]
[White "Grot, Blazej"]
[Black "Sarkar, Justin"]
[Result "0-1"]
[WhiteTitle "CM"]
[BlackTitle "IM"]
[WhiteElo "2207"]
[BlackElo "2286"]
[WhiteFideId "21835845"]
[BlackFideId "2010011"]
[EventDate "2025.08.26"]

1. e4 e5 2. Nf3 Nc6 3. Bb5 a6 4. Ba4 Nf6 5. O-O Nxe4 6. d4 b5 7. Bb3 d5 8. dxe5
Be6 9. c3 Bc5 10. Nbd2 O-O 11. Qe2 Bf5 12. Bc2 Nxc3 13. bxc3 Bxc2 14. Nb3 Bxb3
15. axb3 Qe7 16. Rd1 Rfd8 17. Bf4 h6 18. Qc2 Qe6 19. Bg3 Bb6 20. h3 d4 21. cxd4
Nxd4 22. Nxd4 Bxd4 23. Rac1 c5 24. Kh1 Rac8 25. f4 g6 26. Rf1 Qf5 27. Qa2 Rc6
28. Bh2 Rdc8 29. Qe2 c4 30. Rcd1 cxb3 31. Rxd4 Rc2 32. Qe1 b2 33. g4 Qe6 34. f5
Qc6+ 35. Qe4 Qxe4+ 36. Rxe4 Rc1 37. Ree1 b1=Q 38. Bg3 Rxe1 39. Rxe1 Rc1 40. Rxc1
Qxc1+ 41. Kg2 Qc2+ 42. Kf3 gxf5 43. gxf5 Qxf5+ 44. Ke3 h5 0-1

[Event "Titled Tue 26th Aug Early"]
[Site "chess.com INT"]
[Date "2025.08.26"]
[Round "1"]
[White "Aguilera Rodriguez, Alfredo R."]
[Black "Sibashvili, Giorgi"]
[Result "1-0"]
[WhiteTitle "FM"]
[BlackTitle "IM"]
[WhiteElo "2348"]
[BlackElo "2409"]
[WhiteFideId "3512991"]
[BlackFideId "13602799"]
[EventDate "2025.08.26"]

1. e4 c5 2. Nf3 d6 3. d4 cxd4 4. Nxd4 Nf6 5. Nc3 Nc6 6. Bg5 e6 7. Qd2 a6 8.
O-O-O Bd7 9. f3 Be7 10. h4 Nxd4 11. Qxd4 Bc6 12. Kb1 b5 13. Qd2 b4 14. Ne2 Qb6
15. Nd4 Bd7 16. Be3 Qc7 17. g4 O-O 18. h5 e5 19. Nf5 Bxf5 20. gxf5 d5 21. exd5
Rfd8 22. h6 Rxd5 23. Bd3 g6 24. fxg6 fxg6 25. Qg2 Kh8 26. Rdg1 a5 27. Bg5 Rad8
28. Qh3 Qd7 29. Qh4 Qd6 30. Qc4 a4 31. Be4 Nxe4 32. fxe4 Rc5 33. Qf7 Rg8 34.
Bxe7 Rc7 35. Bf6+ Qxf6 36. Qxf6+ 1-0